Študijný program Národohospodárskej fakulty VŠE v Bratislave školský rok 1978-79

Enregistré dans:
Détails bibliographiques
Format: Livre
Langue:slovaque
Publié: Bratislava Rektorát VŠE 1978
Sujets:
Tags: Ajouter un tag
Pas de tags, Soyez le premier à ajouter un tag!

MARC

LEADER 00000nam a2200000 4500
001 c121515
005 20250703092330.5
041 0 |a slo 
044 |a SK 
245 1 0 |a Študijný program Národohospodárskej fakulty VŠE v Bratislave  |b školský rok 1978-79 
264 1 |a Bratislava  |b Rektorát VŠE  |c 1978 
300 |a 55 s.  |e 1 príl. 
610 2 0 |a školy vysoké 
610 2 0 |a univerzity 
610 2 0 |a vzdelanie vysokoškolské 
610 2 0 |a plán učebný 
610 2 0 |a programy študijné